000 00356nam a22001577a 4500
999 _c11284
_d11284
003 OSt
008 220609b ||||| |||| 00| 0 eng d
082 _a005.43 GAO
100 _aGagne,Greg
245 _aOperating system concept
250 _a9th
260 _aNew Delhi
_bJohn Wiley
_c2018
300 _a856
650 _aB.Tech(CSE)
942 _2ddc
_cBK